000 01096nam a2200289 i 4500
005 20230715154043.0
008 230715s2023 ck gr 000 0 spa d
020 _a9789584996848
040 _aCO-PeBPR
_cCO-PeBPR
_erda
041 _aspa
082 0 4 _a248.894
_bO16a
100 1 _953304
_aOchoa Moreno, Ernesto
_eautor
245 1 0 _aAgua para una sed
_cErnesto Ochoa Moreno
264 0 1 _aPereira
_bP. Fray Enrique Uribe Jaramillo
_c2023
300 _a174 páginas
_c25 cm
336 _atexto
_btxt
_2rdacontent
337 _asin mediación
_bn
_2rdamedia
338 _avolumen
_bnc
_2rdacarrier
600 0 _98112
_aTeresa de Jesús,
_cSanta,
_d1515-1582
600 0 _912614
_aJuan de la Cruz
_cSanto
600 0 _953306
_aTeresita del Niño Jesús, Santa
_y1843 - 1897
610 0 _953305
_aOrden Carmelita
_bDoctrina
650 0 _925906
_aIglesia Catolica y Espiritualidad
700 1 _912612
_aUribe Jaramillo, Enrique
_eEditor
830 _aDepósito Legal - Sala de Patrimonio Bibliográfico y Documental de Risaralda
942 _2ddc
_cBK
_h248.984 O16a
_k248.984
_mO16a
999 _c16845
_d16845